LEADER 01394nam 2200253la 450 001 9910481433903321 005 20230503094958.0 035 $a(UK-CbPIL)2090349676 035 $a(CKB)5500000000096303 035 $a(EXLCZ)995500000000096303 100 $a20230503d1606 uy | 101 0 $agre 135 $aurcn||||a|bb| 200 10$aAnastasii Sinaitae, patriarchae Antiocheni Hodegos, seu Dux viae, aduersus Acephalos. Nunc primum ex Bibliotheca inclytae Reipublicae Augustanae graece? & latine? editus. Studio & opera Jacobi Gretseri Societatis Iesu theologi. ... Accesserunt Quadraginta duo opuscula Theodori Abucarae, episcopi Cariae, contra varios infideles, . 210 $aIngolstadt $c[s.n.]$d1606 215 $aOnline resource ([24], 549 [i.e. 547, 1] p., 4º) 300 $aReproduction of original in Biblioteca Nazionale Centrale di Firenze. 700 $aAnastasius$b Sinaita$cSaint,$factive 640-700.$0438355 801 0$bUk-CbPIL 801 1$bUk-CbPIL 906 $aBOOK 912 $a9910481433903321 996 $aAnastasii Sinaitae, patriarchae Antiocheni Hodegos, seu Dux viae, aduersus Acephalos. Nunc primum ex Bibliotheca inclytae Reipublicae Augustanae graecè & latinè editus. Studio & opera Jacobi Gretseri Societatis Iesu theologi. ... Accesserunt Quadraginta duo opuscula Theodori Abucarae, episcopi Cariae, contra varios infideles,$92125277 997 $aUNINA